000 01157nji a22002897a 4500
005 20100904154654.0
006 a|||||r|||||00| 0
007 sd ammalaaahaa
008 100830t xxu||||| |||| 00| 0 eng d
028 _aGE 23943
_bColumbia
035 _aGR-517
040 _aSED
_cSED
100 _917455
_aKhan, Abdul Halim Jaffer
245 _aSitar gat- kirwani drut /
_cby Abdul Halim Jafeer Khan ; tabla by Mohd. Khaja
_h[sound recording] :
246 _aसितार गत - किरवानी द्रुत / अब्दुल हलिम जफीर खान द्वारा
260 _aIndia
_bColumbia
300 _a1 sound disc [Gramophone Recording]:
_banalog, 33 1/3 rpm
_c9.5 in. (MP)
_fGramophone Record
500 _aBrief Record
505 _aSide-२ सितार गत - बिलाम्पत (Sitar gat - Bilampat) (Abdul Halim Jafeer Khan)
650 _aClassical music
_zIndia
_91186
_xExcerpts
700 _917416
_aMohd. Khaja
700 _917456
700 _918315
700 _918412
942 _2ddc
_cGR
999 _c43840
_d43840